000 01323nam a22003254i 4500
001 991061597650006706
003 ES-BaIT
005 20260203091945.0
008 250916s2024 sp f 000 d cat c
017 _aDL PM 00756-2024
_bOficina DL Mallorca
020 _a9788412827088
040 _aES-BaIT
_bcat
_erda
_cES-BaIT
080 _a849.9-2"20"
100 _aGironès Manich, Joan Ramón,
_d1980-
_eautor
_9135939
245 1 0 _aMés enllà d'aquesta festa /
_cJoan Ramon Gironès Manich
264 1 _aPalma de Mallorca :
_bAdiA Edicions,
_c2024
300 _a127 pàgines ;
_c22 cm
336 _atext
_btxt
_2rdacontent
337 _asense mediació
_bn
_2rdamedia
338 _avolum
_bnc
_2rdacarrier
490 1 _aCol·lecció Jàssera ;
_v6
500 _aP7: D4, H3 i altres
520 _a"Una família es reuneix cada any per recordar el fill predilecte, però, en realitat, la celebració és una excusa per venjar-se de la noia a qui responsabilitzen de la seva mort.Una visita inesperada trastocarà l’aparent normalitat d’aquesta família." -- Contracoberta
586 _aPremi Ciutat de Manacor de Teatre Jaume Vidal i Alcover 2024
650 0 _aFamília
_vTextos dramàtics
_9108411
830 _aCol·lecció Jàssera
_v6
_9168250
908 _aCDMAE
940 _aCVA38
942 _2udc
_c1
999 _c136995
_d136995